| 000 | 00643nam a2200241Ia 4500 | ||
|---|---|---|---|
| 003 | OSt | ||
| 005 | 20220912152048.0 | ||
| 006 | a|||||r|||| 00| 0 | ||
| 007 | ta | ||
| 008 | 220909b |||||||| |||| 00| 0 eng d | ||
| 024 | _a60030 | ||
| 037 | _cTextual | ||
| 040 |
_aCSL _beng _cCSL |
||
| 041 | _aeng | ||
| 082 | _aB9p1:N69, K91;3 CS | ||
| 111 | _aInter. Sym. on equatorial aeronomy (1969 : Ahemdabad) | ||
| 245 | 0 | _aProceeding equatorial aeoronomy | |
| 260 | _c1969 | ||
| 300 |
_ap. _ccm. |
||
| 650 | _aEquatorial Aeoronomy | ||
| 942 |
_hB9p1:N69, K91;3 CS _cTEXL _2CC |
||
| 999 |
_c80416 _d80416 |
||